[Event "Moscow op-A 15th"]
[Site "Moscow"]
[Date "2019.01.26"]
[Round "1"]
[White "Asik, Josip"]
[Black "Koryakov, Sergey"]
[Result "1-0"]
[WhiteElo "2313"]
[BlackElo "1924"]
[PlyCount "79"]
[EventDate "2019.01.26"]
[EventType "swiss"]
[EventRounds "9"]
[EventCountry "RUS"]
[SourceTitle "CBM 188 Extra"]
[Source "ChessBase"]
[SourceDate "2019.02.26"]
[SourceVersion "1"]
[SourceVersionDate "2019.02.26"]
[SourceQuality "1"]

1. e4 c5 2. Nf3 d6 3. d4 cxd4 4. Qxd4 Nf6 5. e5 Nc6 6. Bb5 Nd7 7. Bxc6 bxc6 8. exd6 exd6 9. 0-0 Nf6 10. Qc4 Be7 11. Qxc6+ Bd7 12. Qa6 0-0 13. Nc3 Qc7 14. Re1 Rfe8 15. Bf4 Bc6 16. Nd4 Bb7 17. Qd3 Bf8 18. Rad1 Qb6 19. Be3 Ba6 20. Ndb5 Qc6 21. a4 Bb7 22. f3 a6 23. Nd4 Qc7 24. Nb3 Re6 25. Nd4 Ree8 26. Bf2 Nh5 27. Nde2 Re6 28. Nd5 Qa5 29. Nec3 Rxe1+ 30. Rxe1 Qd8 31. g4 Nf6 32. Bh4 Rc8 33. Bxf6 gxf6 34. Re8 Qxe8 35. Nxf6+ Kg7 36. Nxe8+ Rxe8 37. Nd5 Bxd5 38. Qxd5 Re5 39. Qd4 a5 40. f4 1-0

[Event "EU-ch rapid"]
[Site "Skopje"]
[Date "2018.12.09"]
[Round "8"]
[White "Stefanova, Antoaneta"]
[Black "Asik, Josip"]
[Result "1-0"]
[WhiteElo "2486"]
[BlackElo "2313"]
[PlyCount "37"]
[EventDate "2018.12.08"]
[EventType "swiss (rapid)"]
[EventRounds "13"]
[EventCountry "MKD"]
[SourceTitle "CBM 187 Extra"]
[Source "ChessBase"]
[SourceDate "2018.11.04"]
[SourceVersion "1"]
[SourceVersionDate "2018.11.04"]
[SourceQuality "1"]

1. d4 e6 2. Nf3 Nf6 3. e3 b6 4. Bd3 Bb7 5. 0-0 Be7 6. c4 0-0 7. Nc3 d5 8. b3 c5 9. cxd5 cxd4 10. Nxd4 Nxd5 11. Qf3 Nd7 12. Nxd5 Bxd5 13. Qh3 Nf6 14. Bb2 e5 15. Nf5 e4 16. Ba6 Be6 17. Rfd1 Bxf5 18. Qxf5 Qb8 19. Rac1 1-0

[Event "EU-ch blitz"]
[Site "Skopje"]
[Date "2018.12.07"]
[Round "11"]
[White "Asik, Josip"]
[Black "Jenni, Florian"]
[Result "1/2-1/2"]
[WhiteElo "2313"]
[BlackElo "2454"]
[PlyCount "75"]
[EventDate "2018.12.06"]
[EventType "swiss (blitz)"]
[EventRounds "22"]
[EventCountry "MKD"]
[SourceTitle "CBM 187 Extra"]
[Source "ChessBase"]
[SourceDate "2018.11.04"]
[SourceVersion "1"]
[SourceVersionDate "2018.11.04"]
[SourceQuality "1"]

1. e4 e5 2. Nf3 Nc6 3. d4 exd4 4. Nxd4 Qf6 5. Nxc6 Bc5 6. Qd2 dxc6 7. Nc3 Bd4 8. Bd3 Ne7 9. 0-0 h6 10. Qf4 g5 11. Qxf6 Bxf6 12. Be3 Ng6 13. Rab1 Be6 14. a4 Nf4 15. Rfd1 Nxd3 16. Rxd3 a5 17. b3 b6 18. Bd4 Bxd4 19. Rxd4 Ke7 20. Rbd1 Rad8 21. f3 Rxd4 22. Rxd4 c5 23. Rd2 c4 24. Nd5+ Bxd5 25. Rxd5 cxb3 26. cxb3 Rd8 27. Rxd8 Kxd8 28. Kf2 Kd7 29. Ke3 Ke6 30. g3 c6 31. f4 gxf4+ 32. gxf4 f6 33. Kd4 Kd6 34. Kc4 h5 35. h4 Ke6 36. Kd4 Kd6 37. Kc4 Ke6 38. Kd4 1/2-1/2

[Event "EU-ch blitz"]
[Site "Skopje"]
[Date "2018.12.07"]
[Round "14"]
[White "Asik, Josip"]
[Black "Kadric, Denis"]
[Result "0-1"]
[WhiteElo "2313"]
[BlackElo "2554"]
[PlyCount "58"]
[EventDate "2018.12.06"]
[EventType "swiss (blitz)"]
[EventRounds "22"]
[EventCountry "MKD"]
[SourceTitle "CBM 187 Extra"]
[Source "ChessBase"]
[SourceDate "2018.11.04"]
[SourceVersion "1"]
[SourceVersionDate "2018.11.04"]
[SourceQuality "1"]

1. e4 d6 2. d4 Nf6 3. Nc3 e5 4. Nf3 Nbd7 5. Bc4 Be7 6. 0-0 0-0 7. Re1 c6 8. a4 exd4 9. Nxd4 Ne5 10. Be2 Re8 11. f4 Ng6 12. g3 Bf8 13. Bf3 Bh3 14. Be3 Qd7 15. Qd3 Rad8 16. Rad1 h5 17. Bf2 Ng4 18. Nb3 b6 19. Bg2 Bxg2 20. Kxg2 h4 21. h3 Nxf2 22. Kxf2 Qxh3 23. Rh1 Qg4 24. Qf3 hxg3+ 25. Qxg3 Qxf4+ 26. Qxf4 Nxf4 27. Rh4 Ng6 28. Rh3 Be7 29. Rdh1 Bf6 0-1

[Event "Belgrade-chTB Quality"]
[Site "Belgrade"]
[Date "2018.11.04"]
[Round "11.1"]
[White "Asik, Josip"]
[Black "Milosevic, Milos"]
[Result "1-0"]
[WhiteElo "2283"]
[BlackElo "2292"]
[PlyCount "59"]
[EventDate "2018.09.29"]
[EventType "team-tourn"]
[EventRounds "11"]
[EventCountry "SRB"]
[SourceTitle "EXT 2022"]
[Source "ChessBase"]
[SourceDate "2021.10.06"]
[SourceVersion "1"]
[SourceVersionDate "2021.10.06"]
[SourceQuality "1"]
[WhiteTeam "Belgrade Politika"]
[BlackTeam "Belgrade Turbina"]
[WhiteTeamCountry "SRB"]
[BlackTeamCountry "SRB"]

1. e4 c5 2. Nf3 d6 3. c3 Nf6 4. Bd3 Nc6 5. 0-0 Bg4 6. h3 Bxf3 7. Qxf3 g6 8. Bb5 Bg7 9. d4 cxd4 10. cxd4 0-0 11. Rd1 Qb6 12. Bxc6 bxc6 13. Nc3 Nd7 14. b3 c5 15. Nd5 Qd8 16. Bg5 Re8 17. e5 f6 18. exf6 exf6 19. Be3 f5 20. Rac1 cxd4 21. Bxd4 Bxd4 22. Rxd4 Rc8 23. Rxc8 Qxc8 24. Rc4 Qd8 25. Qc3 Rf8 26. Rc8 Qg5 27. f4 Qh4 28. Kh2 Rxc8 29. Qxc8+ Nf8 30. Qc7 1-0

[Event "Belgrade-chTB Quality"]
[Site "Belgrade"]
[Date "2018.10.21"]
[Round "8.1"]
[White "Petrovic, Radenko"]
[Black "Asik, Josip"]
[Result "0-1"]
[WhiteElo "2024"]
[BlackElo "2283"]
[PlyCount "44"]
[EventDate "2018.09.29"]
[EventType "team-tourn"]
[EventRounds "11"]
[EventCountry "SRB"]
[SourceTitle "CBM 187 Extra"]
[Source "ChessBase"]
[SourceDate "2018.11.04"]
[SourceVersion "1"]
[SourceVersionDate "2018.11.04"]
[SourceQuality "1"]
[WhiteTeam "Belgrade Borca"]
[BlackTeam "Belgrade Politika"]
[WhiteTeamCountry "SRB"]
[BlackTeamCountry "SRB"]

1. d4 e6 2. c4 Nf6 3. Nf3 b6 4. a3 Bb7 5. Nc3 Ne4 6. Nxe4 Bxe4 7. Nd2 Bb7 8. e4 Qf6 9. d5 Na6 10. Nf3 exd5 11. exd5 Bd6 12. Be2 0-0 13. Rb1 Bf4 14. Bxf4 Qxf4 15. b4 c6 16. 0-0 cxd5 17. cxd5 Nc7 18. d6 Nd5 19. Qb3 Rac8 20. Rb2 Rc3 21. Qd1 Rxa3 22. Qd4 Rxf3 0-1

[Event "Belgrade-chTB Quality"]
[Site "Belgrade"]
[Date "2018.10.06"]
[Round "3.1"]
[White "Asik, Josip"]
[Black "Andrijevic, Milan"]
[Result "1/2-1/2"]
[WhiteElo "2283"]
[BlackElo "2269"]
[PlyCount "20"]
[EventDate "2018.09.29"]
[EventType "team-tourn"]
[EventRounds "11"]
[EventCountry "SRB"]
[SourceTitle "CBM 187 Extra"]
[Source "ChessBase"]
[SourceDate "2018.11.04"]
[SourceVersion "1"]
[SourceVersionDate "2018.11.04"]
[SourceQuality "1"]
[WhiteTeam "Belgrade Politika"]
[BlackTeam "Belgrade Romanticari"]
[WhiteTeamCountry "SRB"]
[BlackTeamCountry "SRB"]

1. d4 d5 2. c4 e6 3. Nc3 Nf6 4. Nf3 Be7 5. Bg5 0-0 6. e3 Nbd7 7. Bd3 c6 8. 0-0 dxc4 9. Bxc4 Nd5 10. Bxe7 Qxe7 1/2-1/2

[Event "PRO League Eastern"]
[Site "Chess.com INT"]
[Date "2017.01.25"]
[Round "3"]
[White "Asik, Josip"]
[Black "De Abreu, Roberto N"]
[Result "1-0"]
[WhiteElo "2283"]
[BlackElo "2110"]
[PlyCount "107"]
[EventDate "2017.01.11"]
[EventType "team-swiss (rapid)"]
[EventRounds "7"]
[EventCountry "USA"]
[SourceTitle "CBM 176 Extra"]
[Source "ChessBase"]
[SourceDate "2017.03.02"]
[SourceVersion "1"]
[SourceVersionDate "2017.03.02"]
[SourceQuality "1"]
[WhiteTeam "Belgrade Sparrows"]
[BlackTeam "Johannesburg Koeksisters"]
[WhiteTeamCountry "SRB"]
[BlackTeamCountry "RSA"]

1. e4 e6 2. Nf3 d5 3. Nc3 Nf6 4. e5 Nfd7 5. d4 c5 6. dxc5 Nc6 7. Bf4 Nxc5 8. Bb5 Be7 9. 0-0 0-0 10. Re1 f6 11. exf6 Bxf6 12. Bg3 Qb6 13. Bxc6 bxc6 14. Rb1 a5 15. Bd6 Rd8 16. Be5 Rf8 17. Qd4 Nd7 18. Na4 Qxd4 19. Bxd4 e5 20. Nxe5 Nxe5 21. Bxe5 Bxe5 22. Rxe5 Bf5 23. Re2 Rae8 24. Rbe1 Rxe2 25. Rxe2 Rb8 26. b3 Kf7 27. f3 Re8 28. Rxe8 Kxe8 29. c3 Bb1 30. a3 Bc2 31. Nc5 Ke7 32. Kf2 Kd6 33. Nb7+ Kc7 34. Nxa5 Kb6 35. b4 Kb5 36. Ke3 Ka4 37. Nxc6 Kxa3 38. Ne7 Bb3 39. Kd4 Ka4 40. Nxd5 Kb5 41. Ne3 Kc6 42. c4 Ba4 43. b5+ Kb6 44. Nd5+ Kb7 45. Nc3 Bc2 46. c5 g5 47. g3 h5 48. Ke5 Bg6 49. f4 gxf4 50. gxf4 h4 51. f5 Bh7 52. f6 Bg8 53. Kd6 h3 54. Ke7 1-0

[Event "PRO League Eastern"]
[Site "Chess.com INT"]
[Date "2017.01.11"]
[Round "1"]
[White "Debashis, Das"]
[Black "Asik, Josip"]
[Result "1-0"]
[WhiteElo "2472"]
[BlackElo "2283"]
[PlyCount "67"]
[EventDate "2017.01.11"]
[EventType "team-swiss (rapid)"]
[EventRounds "7"]
[EventCountry "USA"]
[SourceTitle "CBM 176 Extra"]
[Source "ChessBase"]
[SourceDate "2017.03.02"]
[SourceVersion "1"]
[SourceVersionDate "2017.03.02"]
[SourceQuality "1"]
[WhiteTeam "Odisha Express"]
[BlackTeam "Belgrade Sparrows"]
[WhiteTeamCountry "IND"]
[BlackTeamCountry "SRB"]

1. d4 e6 2. c4 b6 3. e4 Bb7 4. Bd3 Nc6 5. Ne2 Nb4 6. Nbc3 Nxd3+ 7. Qxd3 g6 8. h4 h6 9. h5 g5 10. f4 gxf4 11. Bxf4 d6 12. 0-0-0 Qd7 13. d5 0-0-0 14. Rhf1 Be7 15. e5 dxe5 16. Bxe5 f6 17. Bh2 exd5 18. cxd5 Bd6 19. Bxd6 Qxd6 20. Nd4 Bxd5 21. Ndb5 Qc5 22. Qf5+ Kb8 23. Rxd5 Rxd5 24. Qxd5 Qxd5 25. Nxd5 c6 26. Re1 cxd5 27. Re8+ Kb7 28. Kd2 Kc6 29. Nd4+ Kd7 30. Ra8 Kd6 31. Nf5+ Ke6 32. Nh4 Rh7 33. Rxg8 Rc7 34. g4 1-0

[Event "Belgrade City-chT"]
[Site "Belgrade"]
[Date "2013.10.26"]
[Round "1"]
[White "Asik, Josip"]
[Black "Todic, Zoran"]
[Result "1-0"]
[WhiteElo "2301"]
[BlackElo "2254"]
[PlyCount "83"]
[EventDate "2013.10.26"]
[EventType "team-tourn"]
[EventRounds "11"]
[EventCountry "SRB"]
[SourceTitle "EXT 2015"]
[Source "ChessBase"]
[SourceDate "2014.11.20"]
[SourceVersion "1"]
[SourceVersionDate "2014.11.20"]
[SourceQuality "1"]

1. e4 e5 2. Nf3 d6 3. d4 Nd7 4. Nc3 c6 5. a4 Be7 6. Bc4 h6 7. Be3 Ngf6 8. dxe5 dxe5 9. h3 Qc7 10. Nh4 g6 11. 0-0 Rh7 12. Re1 Nc5 13. Qf3 Ne6 14. Rad1 Nh5 15. Nb5 Qb8 16. Nf5 gxf5 17. exf5 Neg7 18. f6 Nxf6 19. Bf4 exf4 20. Rxe7+ Kxe7 21. Qa3+ Ke8 22. Nd6+ Qxd6 23. Qxd6 Ne6 24. a5 a6 25. Bxa6 Ne4 26. Qd3 Rxa6 27. Qxe4 Rg7 28. Qe5 Ra8 29. a6 Kf8 30. a7 Rg8 31. Qb8 Rxb8 32. axb8Q Kg7 33. Qe5+ f6 34. Qc3 Kf7 35. Rd6 Kg7 36. Qa3 Kf7 37. Qd3 Rg7 38. Rd7+ Ke8 39. Rxg7 Nxg7 40. Qg6+ Kf8 41. Qxf6+ Kg8 42. Qd8+ 1-0

[Event "SRB-chT"]
[Site "Belgrade"]
[Date "2010.10.09"]
[Round "9"]
[White "Mijailovic, Zoran"]
[Black "Asik, Josip"]
[Result "1-0"]
[WhiteElo "2408"]
[BlackElo "2339"]
[PlyCount "69"]
[EventDate "2010.10.01"]
[EventType "team-tourn"]
[EventRounds "11"]
[EventCountry "YUG"]
[SourceTitle "CBM 138 Extra"]
[Source "ChessBase"]
[SourceDate "2010.10.29"]
[SourceVersion "1"]
[SourceVersionDate "2010.10.29"]
[SourceQuality "1"]

1. d4 e6 2. Nf3 Nf6 3. c4 b6 4. Nc3 Bb7 5. Bg5 Be7 6. e3 h6 7. Bh4 Ne4 8. Nxe4 Bxh4 9. Bd3 0-0 10. 0-0 d6 11. Qe2 Nd7 12. Rfd1 Qe7 13. Nc3 e5 14. Bf5 exd4 15. Nd5 Bxd5 16. cxd5 d3 17. Bxd3 a5 18. Nd4 g6 19. Bb5 f5 20. Ne6 Rfc8 21. Ba6 Rcb8 22. Nxc7 Ra7 23. Ne6 Nc5 24. Bb5 Nxe6 25. dxe6 Rc8 26. Bd7 Rc5 27. Rac1 Rac7 28. Rxc5 Rxc5 29. g3 Bf6 30. Qa6 Qd8 31. Rxd6 Rc1+ 32. Kg2 Qc7 33. e7 Bxe7 34. Rxg6+ Kf7 35. Bxf5 1-0

[Event "Belgrade-ch"]
[Site "Belgrade"]
[Date "2010.01.31"]
[Round "9"]
[White "Jakovljevic, Zivota"]
[Black "Asik, Josip"]
[Result "1-0"]
[WhiteElo "2130"]
[BlackElo "2363"]
[PlyCount "157"]
[EventDate "2010.01.23"]
[EventType "swiss"]
[EventRounds "9"]
[EventCountry "YUG"]
[SourceTitle "CBM 134 Extra"]
[Source "ChessBase"]
[SourceDate "2010.03.03"]
[SourceVersion "1"]
[SourceVersionDate "2010.03.03"]
[SourceQuality "1"]

1. d4 e6 2. c4 b6 3. Nf3 Bb7 4. g3 Nf6 5. Bg2 Be7 6. 0-0 0-0 7. Nc3 Ne4 8. Qc2 Nxc3 9. Qxc3 f5 10. b4 Bf6 11. Bb2 Na6 12. Qd2 Qe7 13. b5 Nb8 14. a4 a6 15. Ne5 Bxg2 16. Kxg2 d6 17. Nd3 Nd7 18. Nb4 a5 19. Nc6 Qf7 20. Rad1 g5 21. f3 Qg6 22. Qd3 Rae8 23. e4 fxe4 24. Qxe4 Qh5 25. Ba3 Rf7 26. Rde1 Bg7 27. Qe2 Nf6 28. h3 Qg6 29. c5 Bf8 30. cxb6 cxb6 31. Rf2 h5 32. Qc2 Kh7 33. Qxg6+ Kxg6 34. Rfe2 h4 35. Rxe6 Rxe6 36. Rxe6 Kf5 37. Re2 hxg3 38. Bc1 Nd5 39. Kxg3 Rh7 40. Kg2 Rh4 41. Re8 Bg7 42. Rd8 Bf6 43. Rxd6 Nc3 44. Be3 Nxa4 45. Bf2 Rh8 46. d5 Ra8 47. Re6 Nc3 48. Rxf6+ Kxf6 49. Bd4+ Kf7 50. Bxc3 a4 51. Ne5+ Ke8 52. Nc4 a3 53. Nxb6 Rd8 54. Nc4 Rxd5 55. Nxa3 Rd3 56. Nb1 Rd5 57. b6 Rb5 58. Nd2 Rxb6 59. Ne4 Kf7 60. Bd2 Kg6 61. Bxg5 Rb1 62. h4 Kf5 63. Ng3+ Kg6 64. f4 Rb3 65. Kh3 Rb1 66. Kg4 Rg1 67. f5+ Kf7 68. h5 Kg7 69. f6+ Kf7 70. Bh4 Rd1 71. Kg5 Rd5+ 72. Kf4 Rb5 73. Bg5 Ra5 74. Ne4 Ra1 75. Bh4 Rf1+ 76. Kg4 Rg1+ 77. Bg3 Rd1 78. Be5 Rg1+ 79. Kf3 1-0

[Event "Belgrade-ch"]
[Site "Belgrade"]
[Date "2010.01.24"]
[Round "2"]
[White "Asik, Josip"]
[Black "Rajcevic, Stevan"]
[Result "0-1"]
[WhiteElo "2363"]
[BlackElo "2158"]
[PlyCount "112"]
[EventDate "2010.01.23"]
[EventType "swiss"]
[EventRounds "9"]
[EventCountry "YUG"]
[SourceTitle "CBM 134 Extra"]
[Source "ChessBase"]
[SourceDate "2010.03.03"]
[SourceVersion "1"]
[SourceVersionDate "2010.03.03"]
[SourceQuality "1"]

1. e4 e5 2. Nf3 Nf6 3. Nxe5 d6 4. Nc4 Nxe4 5. Nc3 Nxc3 6. dxc3 d5 7. Ne3 Be6 8. f4 Qd7 9. g4 f6 10. Bg2 Nc6 11. Bxd5 0-0-0 12. Bf3 Bd6 13. Ng2 Bc4 14. Be3 Qe7 15. Qc1 g5 16. Kf2 gxf4 17. Bxf4 Ne5 18. Ne3 Bc5 19. Kg3 Be6 20. Bxe5 fxe5 21. Be4 h5 22. Nf5 Bxf5 23. Bxf5+ Kb8 24. h4 e4 25. Qg5 Bd6+ 26. Kf2 Qe5 27. Rh3 Rdg8 28. Bg6 Qxg5 29. hxg5 Rxg6 30. Rxh5 Bc5+ 31. Kg3 Re8 32. Re1 a6 33. Kf4 Rf8+ 34. Ke5 e3 35. b4 Bd6+ 36. Kd4 Bg3 37. Re2 Bf2 38. Ke5 Kc8 39. c4 Rf7 40. c5 Kd7 41. c4 Re6+ 42. Kd5 c6+ 43. Kd4 Rf4+ 44. Kd3 Rxg4 45. a4 Re7 46. b5 axb5 47. axb5 cxb5 48. cxb5 Rb4 49. Rc2 Rxb5 50. g6 Rb4 51. Rg5 Rg7 52. Ke2 Rb1 53. Rc4 Rb2+ 54. Kf3 e2 55. Kxf2 Re7 56. Rd5+ Kc7 0-1

[Event "Athens Acropolis op-A 24th"]
[Site "Chalkida"]
[Date "2009.08.18"]
[Round "9.28"]
[White "Asik, Josip"]
[Black "Petraki, Maria"]
[Result "1-0"]
[WhiteElo "2356"]
[BlackElo "2030"]
[PlyCount "93"]
[EventDate "2009.08.10"]
[EventType "swiss"]
[EventRounds "9"]
[EventCountry "GRE"]
[SourceTitle "CBM 131 Extra"]
[Source "ChessBase"]
[SourceDate "2009.09.03"]
[SourceVersion "2"]
[SourceVersionDate "2009.09.16"]
[SourceQuality "1"]

1. e4 c5 2. Nf3 d6 3. c3 Nf6 4. Bd3 Nc6 5. h3 g6 6. 0-0 Bg7 7. Re1 e5 8. Bb5 0-0 9. d3 Bd7 10. Nbd2 Re8 11. a3 a6 12. Bc4 b5 13. Ba2 a5 14. a4 b4 15. Nc4 Qc7 16. Ng5 Be6 17. f4 Nd7 18. f5 gxf5 19. Nxe6 fxe6 20. exf5 d5 21. Ne3 Nf6 22. fxe6 Rad8 23. Qf3 Ne7 24. Ng4 Nxg4 25. Qxg4 Kh8 26. Kh1 Rd6 27. d4 cxd4 28. cxd4 b3 29. dxe5 Rc6 30. Bxb3 Bxe5 31. Qh5 Ng6 32. Bxd5 Rc5 33. Qf3 Rf8 34. Qe4 Qd6 35. Bh6 Rd8 36. Bb3 Qb8 37. Be3 Rcc8 38. e7 Re8 39. Bf7 Rxe7 40. Bxg6 hxg6 41. Bd4 Rce8 42. Qxg6 Bxd4 43. Qh5+ Kg8 44. Rxe7 Rxe7 45. Qd5+ Kh7 46. Qxd4 Qg3 47. Rf1 1-0

[Event "Athens Acropolis op-A 24th"]
[Site "Chalkida"]
[Date "2009.08.15"]
[Round "6"]
[White "Asik, Josip"]
[Black "Galopoulos, Panagiotis"]
[Result "1-0"]
[WhiteElo "2356"]
[BlackElo "2161"]
[PlyCount "53"]
[EventDate "2009.08.10"]
[EventType "swiss"]
[EventRounds "9"]
[EventCountry "GRE"]
[SourceTitle "CBM 131 Extra"]
[Source "ChessBase"]
[SourceDate "2009.09.03"]
[SourceVersion "2"]
[SourceVersionDate "2009.09.16"]
[SourceQuality "1"]

1. e4 c5 2. Nf3 e6 3. d4 cxd4 4. Nxd4 Nf6 5. Bd3 Nc6 6. Nxc6 bxc6 7. 0-0 d5 8. Nd2 Be7 9. c4 0-0 10. Qc2 h6 11. e5 Nd7 12. Nf3 Nc5 13. Be2 a5 14. Be3 Ba6 15. Rfd1 Qb8 16. Rac1 Nd7 17. Bf4 Nb6 18. b3 a4 19. Rb1 axb3 20. axb3 Bb4 21. Ra1 Nd7 22. Rxa6 Rxa6 23. cxd5 Rb6 24. dxe6 fxe6 25. Rxd7 Rxf4 26. Qg6 Bf8 27. Bd3 1-0

[Event "Athens Acropolis op-A 24th"]
[Site "Chalkida"]
[Date "2009.08.14"]
[Round "5"]
[White "Ozturk Orenli, Kubra"]
[Black "Asik, Josip"]
[Result "1/2-1/2"]
[WhiteElo "2256"]
[BlackElo "2356"]
[PlyCount "69"]
[EventDate "2009.08.10"]
[EventType "swiss"]
[EventRounds "9"]
[EventCountry "GRE"]
[SourceTitle "CBM 131 Extra"]
[Source "ChessBase"]
[SourceDate "2009.09.03"]
[SourceVersion "2"]
[SourceVersionDate "2009.09.16"]
[SourceQuality "1"]

1. d4 e6 2. c4 Nf6 3. Nf3 b6 4. g3 Bb7 5. Bg2 Be7 6. 0-0 0-0 7. Nc3 Ne4 8. Qc2 Nxc3 9. Qxc3 f5 10. b3 Bf6 11. Bb2 Nc6 12. Qd2 Ne7 13. Rac1 Qe8 14. b4 Qh5 15. Ne5 Bxg2 16. Kxg2 f4 17. Qd3 Bxe5 18. dxe5 Rad8 19. Rcd1 Ng6 20. Qe4 Rf5 21. c5 bxc5 22. bxc5 Ne7 23. Rd3 c6 24. Ra3 Rb8 25. Rb3 Rxb3 26. axb3 Nd5 27. Bd4 g5 28. f3 fxg3 29. hxg3 Qe8 30. Qd3 Qg6 31. e4 Rf7 32. Rd1 Nc7 33. Be3 Qh5 34. g4 Qg6 35. Rh1 1/2-1/2

[Event "Belgrade Summer op"]
[Site "Belgrade"]
[Date "2009.06.11"]
[Round "9"]
[White "Pucarevic, Milenko"]
[Black "Asik, Josip"]
[Result "0-1"]
[WhiteElo "2248"]
[BlackElo "2352"]
[PlyCount "58"]
[EventDate "2009.06.02"]
[EventType "swiss"]
[EventRounds "9"]
[EventCountry "SRB"]
[SourceTitle "EXT 2019"]
[Source "ChessBase"]
[SourceDate "2018.10.10"]
[SourceVersion "1"]
[SourceVersionDate "2018.10.10"]
[SourceQuality "1"]

1. d4 e6 2. Nf3 Nf6 3. Bf4 b6 4. Nbd2 Bb7 5. e3 Be7 6. Bd3 Nh5 7. 0-0 c5 8. c3 Nc6 9. dxc5 bxc5 10. h3 Nxf4 11. exf4 g6 12. Qe2 Qc7 13. g3 Rb8 14. Rfe1 0-0 15. Rab1 Rfe8 16. Qe3 d5 17. Bb5 Red8 18. f5 d4 19. Qh6 Bf8 20. Qh4 exf5 21. Ng5 h6 22. Nxf7 Kxf7 23. Re6 Kxe6 24. Bc4+ Kd7 25. Qf6 Qd6 26. Qf7+ Be7 27. Re1 Ne5 28. Bb5+ Kc7 29. Qg7 Qf6 0-1

[Event "SRB-chT Cup"]
[Site "Sombor"]
[Date "2009.05.23"]
[Round "6"]
[White "Nadj Hedjesi, Balind"]
[Black "Asik, Josip"]
[Result "1-0"]
[WhiteElo "2376"]
[BlackElo "2352"]
[PlyCount "157"]
[EventDate "2009.05.19"]
[EventType "team"]
[EventRounds "7"]
[EventCountry "YUG"]
[SourceTitle "CBM 130 Extra"]
[Source "ChessBase"]
[SourceDate "2009.07.02"]
[SourceVersion "2"]
[SourceVersionDate "2009.07.15"]
[SourceQuality "1"]

1. e4 e6 2. Nf3 d5 3. e5 a6 4. a3 Bd7 5. b4 b6 6. d4 c5 7. c3 Bb5 8. Bd3 Qd7 9. 0-0 Bxd3 10. Qxd3 Qb5 11. Qe3 Ne7 12. Nbd2 Nf5 13. Qf4 cxd4 14. Nxd4 Nxd4 15. cxd4 Nc6 16. Nf3 a5 17. a4 Qd3 18. b5 Nb4 19. Ra3 Qc2 20. Ng5 Ra7 21. Rf3 Qg6 22. Rc3 Kd8 23. Bd2 h6 24. Nh3 Qf5 25. Qg3 g5 26. Rcc1 Qd3 27. Be3 Be7 28. Rfd1 Qb3 29. Qf3 Kd7 30. Qxf7 Qxa4 31. Qg7 Rc8 32. Qxh6 Rac7 33. Ra1 Qxb5 34. Nxg5 Rc6 35. Nf3 Nc2 36. Rab1 Qc4 37. Bg5 Re8 38. h4 a4 39. Rbc1 a3 40. Ne1 Qa4 41. Nxc2 Rxc2 42. Ra1 b5 43. h5 Bxg5 44. Qxg5 b4 45. h6 Re7 46. Qh4 Rc8 47. Rdc1 Rh7 48. Rxc8 Kxc8 49. Qg5 Qe8 50. g4 Qf8 51. Qc1+ Rc7 52. Qe3 Kb7 53. g5 Qf5 54. Qg3 a2 55. Rxa2 Qb1+ 56. Kg2 Qxa2 57. g6 Qe2 58. g7 Qe4+ 59. Kh2 Rc1 60. f3 Rc2+ 61. Kh3 Qf5+ 62. Qg4 Qh7 63. Qxe6 Rc8 64. Qxd5+ Kb6 65. Qe6+ Kb7 66. Qd7+ Kb8 67. Qb5+ Ka7 68. Qa5+ Kb7 69. Qxb4+ Ka7 70. Qe7+ Kb6 71. Qe6+ Kb7 72. Kg4 Rc2 73. Qf7+ Kb6 74. Qe6+ Kb7 75. Qb3+ Ka7 76. Qf7+ Kb6 77. Kg3 Rc8 78. d5 Kc5 79. Qf8+ 1-0

[Event "Belgrade-chT"]
[Site "Belgrade"]
[Date "2008.10.12"]
[Round "8"]
[White "Radusinovic, Lazar"]
[Black "Asik, Josip"]
[Result "1/2-1/2"]
[WhiteElo "2131"]
[BlackElo "2349"]
[PlyCount "23"]
[EventDate "2008.10.05"]
[EventType "team-tourn"]
[EventRounds "9"]
[EventCountry "YUG"]
[SourceTitle "CBM 126 Extra"]
[Source "ChessBase"]
[SourceDate "2008.11.05"]
[SourceVersion "1"]
[SourceVersionDate "2008.11.05"]
[SourceQuality "1"]

1. d4 e6 2. c4 Nf6 3. Nf3 b6 4. g3 Bb7 5. Bg2 Be7 6. 0-0 0-0 7. Nc3 Na6 8. a3 Ne4 9. Qc2 Nxc3 10. Qxc3 c5 11. Be3 Bf6 12. Qd3 1/2-1/2